00454nam a2200169Ia 4500003000400000005001700004008004100021020001800062040000700080041000800087082002300095100002000118245006900138260004800207300001600255365001300271OSt20230421155731.0210423s2008 xx 000 0 und d a9780521063173 cAL aeng a294.592 223bMCGR aMcGREGOR (R S). aDevotional literature in South Asia: current research 1985-1988. aNew DelhibCambridge University Pressc2008 axvi,322bHB b770cINR